[Event "Provincial-ch Valencia Preferente"]
[Site "Valencia"]
[Date "2014.10.25"]
[Round "4.3"]
[White "Aupi Royo, Juan Ignacio"]
[Black "Davidovas Chananovas, Norman"]
[Result "1-0"]
[WhiteElo "1803"]
[BlackElo "1971"]
[PlyCount "53"]
[EventDate "2014.09.27"]
[EventType "swiss"]
[EventRounds "7"]
[EventCountry "ESP"]
[SourceTitle "EXT 2024"]
[Source "ChessBase"]
[SourceDate "2023.10.10"]
[SourceVersion "1"]
[SourceVersionDate "2023.10.10"]
[SourceQuality "1"]

1. d4 g6 2. c4 Bg7 3. Nc3 d6 4. Nf3 Nf6 5. e4 0-0 6. Be2 c5 7. d5 e6 8. 0-0 exd5 9. cxd5 Re8 10. Nd2 Na6 11. f3 Bd7 12. a4 Nb4 13. Nc4 a6 14. Bf4 Bf8 15. g4 b5 16. Nxd6 Qc7 17. Nxe8 Qxf4 18. Nxf6+ Qxf6 19. axb5 a5 20. f4 Qh4 21. Bf3 g5 22. e5 gxf4 23. e6 fxe6 24. dxe6 Bxe6 25. Bxa8 c4 26. Kh1 Qg5 27. Qf3 1-0

[Event "Provincial-ch Valencia Preferente"]
[Site "Valencia"]
[Date "2013.11.23"]
[Round "7"]
[White "Mir Latorre, Angel"]
[Black "Aupi Royo, Juan Ignacio"]
[Result "1/2-1/2"]
[WhiteElo "1841"]
[BlackElo "1815"]
[PlyCount "20"]
[EventDate "2013.10.05"]
[EventType "swiss"]
[EventRounds "7"]
[EventCountry "ESP"]
[SourceTitle "EXT 2024"]
[Source "ChessBase"]
[SourceDate "2023.10.10"]
[SourceVersion "1"]
[SourceVersionDate "2023.10.10"]
[SourceQuality "1"]

1. c4 e5 2. Nc3 Nf6 3. g3 Bb4 4. Bg2 0-0 5. Qc2 Re8 6. Nd5 Nxd5 7. cxd5 c6 8. e3 Qe7 9. Ne2 cxd5 10. Bxd5 Qc5 1/2-1/2

[Event "Provincial-ch Valencia Preferente"]
[Site "Valencia"]
[Date "2013.11.16"]
[Round "6"]
[White "Aupi Royo, Juan Ignacio"]
[Black "Gomez Tormos, Miguel Angel"]
[Result "1/2-1/2"]
[WhiteElo "1815"]
[BlackElo "1791"]
[PlyCount "53"]
[EventDate "2013.10.05"]
[EventType "swiss"]
[EventRounds "7"]
[EventCountry "ESP"]
[SourceTitle "EXT 2024"]
[Source "ChessBase"]
[SourceDate "2023.10.10"]
[SourceVersion "1"]
[SourceVersionDate "2023.10.10"]
[SourceQuality "1"]

1. d4 d5 2. Nf3 Nf6 3. c4 e6 4. g3 b6 5. Bg2 Bb7 6. 0-0 Be7 7. Ne5 0-0 8. Nc3 h6 9. Bf4 Nh5 10. Bd2 Nf6 11. Rc1 a6 12. Qc2 c5 13. e3 Nc6 14. Nxc6 Bxc6 15. cxd5 exd5 16. Rfe1 Rc8 17. a3 Re8 18. Ne2 Bd6 19. Bc3 c4 20. Bd2 Qe7 21. Nc3 b5 22. Na2 Ba8 23. Bb4 Bxb4 24. Nxb4 Qd6 25. Qd2 a5 26. Na2 Qb6 27. Re2 1/2-1/2

[Event "Provincial-ch Valencia Preferente"]
[Site "Valencia"]
[Date "2013.11.02"]
[Round "4"]
[White "Perez Mas, Jose Manuel"]
[Black "Aupi Royo, Juan Ignacio"]
[Result "1-0"]
[WhiteElo "1894"]
[BlackElo "1815"]
[PlyCount "87"]
[EventDate "2013.10.05"]
[EventType "swiss"]
[EventRounds "7"]
[EventCountry "ESP"]
[SourceTitle "EXT 2024"]
[Source "ChessBase"]
[SourceDate "2023.10.10"]
[SourceVersion "1"]
[SourceVersionDate "2023.10.10"]
[SourceQuality "1"]

1. e4 c5 2. Nf3 d6 3. d4 cxd4 4. Nxd4 Nf6 5. Nc3 g6 6. Be3 Bg7 7. f3 0-0 8. Qd2 Nc6 9. 0-0-0 a6 10. h4 h5 11. Bc4 Qc7 12. Bb3 Nxd4 13. Bxd4 b5 14. Bxf6 exf6 15. Qxd6 Ra7 16. Qxc7 Rxc7 17. Nd5 Rc5 18. Ne7+ Kh7 19. Nxc8 Rfxc8 20. Rd5 R5c7 21. Rhd1 Bh6+ 22. Kb1 Kg7 23. Rd7 Bf4 24. Bxf7 Kh6 25. c3 a5 26. a3 Be5 27. Rxc7 Rxc7 28. Be8 b4 29. axb4 axb4 30. cxb4 Rc4 31. b5 Rb4 32. Rd2 Bg3 33. Ka2 Bxh4 34. b3 Be1 35. Rd1 Bc3 36. Rc1 Bd2 37. Rc4 h4 38. Ka3 Rxc4 39. bxc4 Kg5 40. c5 Be3 41. Kb4 f5 42. b6 fxe4 43. fxe4 Kf6 44. e5+ 1-0

[Event "Provincial-ch Valencia Preferente"]
[Site "Valencia"]
[Date "2013.10.19"]
[Round "2"]
[White "Perales Arona, Joaquin"]
[Black "Aupi Royo, Juan Ignacio"]
[Result "1-0"]
[WhiteElo "1863"]
[BlackElo "1815"]
[PlyCount "95"]
[EventDate "2013.10.05"]
[EventType "swiss"]
[EventRounds "7"]
[EventCountry "ESP"]
[SourceTitle "EXT 2024"]
[Source "ChessBase"]
[SourceDate "2023.10.10"]
[SourceVersion "1"]
[SourceVersionDate "2023.10.10"]
[SourceQuality "1"]

1. e4 c5 2. Nc3 a6 3. a4 Nc6 4. g3 e6 5. Bg2 Rb8 6. d3 d6 7. f4 Nf6 8. Be3 Be7 9. Qd2 Bd7 10. h3 b5 11. axb5 axb5 12. Nf3 e5 13. f5 b4 14. Ne2 c4 15. g4 h6 16. Ng3 d5 17. exd5 c3 18. bxc3 bxc3 19. Qf2 Nxd5 20. Nxe5 Nxe5 21. Bxd5 Bb5 22. Be4 0-0 23. 0-0 Bh4 24. Rab1 Bxd3 25. Rxb8 Qxb8 26. cxd3 Nxd3 27. Bxd3 Rd8 28. Bf4 Qb4 29. Bc2 Qb2 30. Kg2 Bxg3 31. Kxg3 Rd2 32. Bxd2 Qxc2 33. Bxc3 Qxc3+ 34. Qf3 Qe5+ 35. Kg2 Qb2+ 36. Rf2 Qb6 37. f6 g6 38. Qe4 Qd8 39. Re2 Kh7 40. Qb7 Kg8 41. Qe7 Qd5+ 42. Qe4 Qb3 43. Re3 Qb2+ 44. Kf3 Qxf6+ 45. Qf4 Qc6+ 46. Kg3 g5 47. Qe5 Kh7 48. Qe4+ 1-0

[Event "Provincial-ch Valencia Primera"]
[Site "Valencia"]
[Date "2012.11.10"]
[Round "5"]
[White "Aupi Royo, Juan Ignacio"]
[Black "Espasa Marti, Francisco Jose"]
[Result "1-0"]
[WhiteElo "1803"]
[BlackElo "1808"]
[PlyCount "49"]
[EventDate "2012.10.06"]
[EventType "swiss"]
[EventRounds "7"]
[EventCountry "ESP"]
[SourceTitle "EXT 2024"]
[Source "ChessBase"]
[SourceDate "2023.10.10"]
[SourceVersion "1"]
[SourceVersionDate "2023.10.10"]
[SourceQuality "1"]

1. d4 d5 2. c4 c6 3. Nf3 dxc4 4. e4 Bg4 5. Bxc4 e6 6. Be3 Bb4+ 7. Nc3 Nf6 8. Bd3 Qa5 9. 0-0 Bxc3 10. bxc3 Qxc3 11. Rb1 Bxf3 12. gxf3 b5 13. Qe2 0-0 14. f4 Qa5 15. e5 Nd5 16. f5 exf5 17. Bxf5 Qd8 18. Qg4 Ne7 19. Bg5 Qc7 20. Bxh7+ Kxh7 21. Qh4+ Kg8 22. Bxe7 Re8 23. Bf6 Nd7 24. Qg5 Nxf6 25. exf6 1-0